00230nam a2200085Ia 4500001000800000005001700008008004100025245005800066260002000124125040020251031150855.0251031s9999 xx 000 0 und d 0cTUĞBA ÇOŞKUNERaE-3 BU PATİKA NEREYE ÇIKAR? bCEZVE YAYINLARI